LEADER 01263nam a2200277 i 4500 001 000000250521 003 CaOOAMICUS 005 20160808000000.0 008 160808s2006 it u000 u ita u 013 $a229426 020 $a88-343-1380-1 040 $aSeMil$bita 100 1 $aSgreccia, Palma.$0(OLS)http://semarc/name/83413 245 13$aIl pensiero di Luigi Pareyson :$buna filosofia della libertà e della sofferenza /$cPalma Sgreccia. 260 $aMilano :$bVita e Pensiero,$c2006. 300 $a203 p. ;$c21 cm. 490 0 $aV&P Strumenti. Filosofia. Contributi ;$v11 600 14$aPareyson, Luigi <1918-1991>.$0(OLS)http://semarc/subject/6045 650 4$aPareyson, Luigi <1918-1991> - Pensiero filosofico.$0(OLS)http://semarc/subject/8692 830 0$aStrumenti. Filosofia. Contributi ;$v11.$0(OLS)http://semarc/title/10540 850 $aSeMil 852 $aSeMil$W1$xVenegono$y1$m2P III 798$j200867$B200867$CSeMilBibl$Z2$F213759 $81 961 $aOmaggio: Altro 996 $6020$a88-343-1380-1$9(OLS)http://semarc/number/261061 996 $6245$aIl pensiero di Luigi Pareyson :$buna filosofia della libertà e della sofferenza$9(OLS)http://semarc/title/352736 996 $6260$aMilano :$bVita e Pensiero$9(OLS)http://semarc/publisher/29642 LEADER 01467nam a2200301 i 4500 001 000000219077 003 CaOOAMICUS 005 20211210145729.0 008 130312s2011 it u000 u ita u 013 $a197974 020 $a978-88-215-7158-9 040 $aSeMil$bita 100 1 $aSonnet, Jean-Pierre,$c.$0(OLS)http://semarc/name/70275 245 12$aL'alleanza della lettura :$bquestioni di poetica narrativa nella Bibbia ebraica /$cJean-Pierre Sonnet. 264 1$aCinisello Balsamo :$bSan Paolo ;$aRoma :$bGBP, Gregorian & Biblical Press,$c2011. 300 $a432 p. ;$c23 cm. 490 1 $aLectio ;$v1 650 4$aBibbia Ebraica - Saggi.$0(OLS)http://semarc/subject/34343 650 4$a Bibbia. Antico Testamento - Analisi narrativa e linguistica.$0(OLS)http://semarc/subject/40594 830 0$aLectio ;$v1.$0(OLS)http://semarc/title/419672 850 $aSeMil 852 $aSeMil$W1$xVenegono$y1$m2KA Q 1$j230402$B169447$CSeMilBibl$Z2$F180271 $81 961 $aSottoscrizione: San Paolo (Agente) 996 $6020$a978-88-215-7158-9$9(OLS)http://semarc/number/217051 996 $6245$aL'alleanza della lettura :$bquestioni di poetica narrativa nella Bibbia ebraica$9(OLS)http://semarc/title/314355 996 $6264$aCinisello Balsamo :$bSan Paolo$9(OLS)http://semarc/publisher/30129 996 $6264$aRoma :$bGBP, Gregorian & Biblical Press$9(OLS)http://semarc/publisher/33573